| 000 | 00737nam a22001937a 4500 | ||
|---|---|---|---|
| 999 |
_c8194 _d8194 |
||
| 003 | AR-CdUCM | ||
| 008 | 190322b ||||| |||| 00| 0 spa d | ||
| 040 |
_aMUNICIPALIDAD PROVINCIAL DEL CUSCO _cBIBLIOTECA MUNICIPAL DEL CUSCO |
||
| 082 |
_a629.47 / _bB74 |
||
| 100 |
_aBorisov, V. _923104 |
||
| 245 | _aLa vida y el cosmos / | ||
| 260 |
_aBogotá : _bSuramerica limitada, _c1966. |
||
| 300 |
_a214 páginas ; _bIlustraciones, _c20 cm. |
||
| 505 | _aLa aurora de una nueva era -- La biosfera -- La vida en el estado de imponderabilidad -- La velocidad y la aceleración o el mundo de gravedad intensificada -- La vida en el vacío ... | ||
| 650 |
_aEspacio _920858 |
||
| 700 |
_aGorlov, O. _923105 |
||
| 942 |
_2ddc _cLIBROS |
||
| 945 | _aacv | ||